[Event "Brasschaat op"]
[Site "Brasschaat"]
[Date "2023.08.27"]
[Round "9"]
[White "Van de Braak, Joey"]
[Black "Steen, Pieter"]
[Result "0-1"]
[WhiteElo "1899"]
[BlackElo "2044"]
[PlyCount "72"]
[EventDate "2023.08.18"]
[EventType "swiss"]
[EventRounds "9"]
[EventCountry "BEL"]
[SourceTitle "EXT 2024"]
[Source "ChessBase"]
[SourceDate "2023.10.10"]
[SourceVersion "1"]
[SourceVersionDate "2023.10.10"]
[SourceQuality "1"]

1. f4 d5 2. Nf3 Nf6 3. e3 Bf5 4. b3 e6 5. Bb2 Be7 6. Be2 h6 7. 0-0 0-0 8. Ne5 Nbd7 9. d3 Nxe5 10. fxe5 Nd7 11. Nd2 Bh7 12. Bg4 c5 13. Qe2 Qc7 14. Nf3 c4 15. bxc4 dxc4 16. d4 Nb6 17. e4 Qc6 18. Rfe1 Na4 19. c3 Nxb2 20. Qxb2 Bxe4 21. Qf2 b5 22. Re3 a5 23. h4 b4 24. Nh2 f5 25. Bh5 f4 26. Rxe4 Qxe4 27. Re1 Qd3 28. Bf3 Rac8 29. Bg4 Rc6 30. Bf3 Ra6 31. Bb7 Rb6 32. Be4 Qxc3 33. d5 Bc5 34. Qxc5 Qxe1+ 35. Nf1 Qxe4 36. Qxb6 Qxd5 0-1

[Event "Vlissingen HZ op 16th"]
[Site "Vlissingen"]
[Date "2012.08.11"]
[Round "9"]
[White "Van de Braak, Joey"]
[Black "Ratsma, Midas"]
[Result "1/2-1/2"]
[WhiteElo "1876"]
[BlackElo "2016"]
[PlyCount "131"]
[EventDate "2012.08.04"]
[EventType "swiss"]
[EventRounds "9"]
[EventCountry "NED"]
[SourceTitle "CBM 149 Extra"]
[Source "ChessBase"]
[SourceDate "2012.08.24"]
[SourceVersion "1"]
[SourceVersionDate "2012.08.24"]
[SourceQuality "1"]

1. c4 e5 2. Nc3 Bb4 3. g3 Bxc3 4. bxc3 Nf6 5. Bg2 Nc6 6. e4 Qe7 7. Ne2 d6 8. h3 Be6 9. d3 0-0 10. 0-0 Nd7 11. g4 g6 12. Ng3 Qh4 13. Be3 f5 14. exf5 gxf5 15. gxf5 Bxf5 16. Nxf5 Rxf5 17. Qg4+ Qxg4 18. hxg4 Rf6 19. Rab1 Nb6 20. Be4 Nd8 21. Kg2 c6 22. Rh1 Rf7 23. Rh6 d5 24. cxd5 Nxd5 25. Bxd5 cxd5 26. Rd6 d4 27. cxd4 Nc6 28. d5 Nd4 29. Bxd4 exd4 30. Re6 Rd8 31. Rb5 Rc8 32. d6 Rc6 33. Rd5 Rd7 34. Rf6 Rc2 35. a4 Kg7 36. g5 a6 37. Kf3 b6 38. Re5 Rc6 39. Rd5 b5 40. axb5 axb5 41. Rxd4 Rb6 42. Rb4 Rdxd6 43. Rxd6 Rxd6 44. Rxb5 Rxd3+ 45. Ke4 Rd7 46. Rb6 Re7+ 47. Kf4 Ra7 48. Kg4 Rc7 49. f4 Ra7 50. Re6 Rb7 51. Kf5 Kf7 52. Rd6 Ra7 53. Ke5 Re7+ 54. Kd5 Ra7 55. f5 Ra5+ 56. Ke4 Ra4+ 57. Ke5 Ra5+ 58. Rd5 Ra7 59. f6 Rb7 60. Kd6 Kg6 61. Ke6 h6 62. Rd8 Rb6+ 63. Ke7 Rb7+ 64. Ke6 Rb6+ 65. Ke7 Rb7+ 66. Ke6 1/2-1/2

[Event "Vlissingen HZ op 16th"]
[Site "Vlissingen"]
[Date "2012.08.05"]
[Round "3"]
[White "Herbold, Manfred"]
[Black "Van de Braak, Joey"]
[Result "1-0"]
[WhiteElo "2126"]
[BlackElo "1876"]
[PlyCount "61"]
[EventDate "2012.08.04"]
[EventType "swiss"]
[EventRounds "9"]
[EventCountry "NED"]
[SourceTitle "CBM 149 Extra"]
[Source "ChessBase"]
[SourceDate "2012.08.24"]
[SourceVersion "1"]
[SourceVersionDate "2012.08.24"]
[SourceQuality "1"]

1. e4 d5 2. exd5 Qxd5 3. Nf3 c6 4. d4 Nf6 5. c4 Qa5+ 6. Nc3 Bf5 7. Bd3 Bxd3 8. Qxd3 e6 9. Bd2 Qc7 10. 0-0 Be7 11. Rae1 0-0 12. Ne5 Rd8 13. f4 c5 14. d5 a6 15. Qf3 Qd6 16. Nxf7 Kxf7 17. Rxe6 Qc7 18. g4 Nc6 19. Rfe1 Nd4 20. Rxe7+ Qxe7 21. Rxe7+ Kxe7 22. Qh3 g6 23. f5 gxf5 24. g5 Rg8 25. Kf1 Ne8 26. Qxh7+ Rg7 27. d6+ Kxd6 28. Qh6+ Ke5 29. Nd5 Ke4 30. Qh4+ Kd3 31. Qh3+ 1-0

[Event "Vlissingen HZ op 14th"]
[Site "Vlissingen"]
[Date "2010.08.10"]
[Round "5"]
[White "Van de Braak, Joey"]
[Black "Van den Berg, Ad"]
[Result "0-1"]
[WhiteElo "1937"]
[BlackElo "2207"]
[PlyCount "128"]
[EventDate "2010.08.07"]
[EventType "swiss"]
[EventRounds "9"]
[EventCountry "NED"]
[SourceTitle "CBM 137 Extra"]
[Source "ChessBase"]
[SourceDate "2010.09.01"]
[SourceVersion "1"]
[SourceVersionDate "2010.09.01"]
[SourceQuality "1"]

1. g4 d5 2. Bg2 c6 3. h3 e5 4. e4 d4 5. d3 Bd6 6. Ne2 h5 7. gxh5 Rxh5 8. Ng3 Rh7 9. Nd2 Bc7 10. Nf3 Ba5+ 11. Ke2 f6 12. c3 Be6 13. cxd4 exd4 14. Qa4 Bb6 15. b4 g6 16. Ba3 Nd7 17. Kd2 Ne5 18. Ne1 Qc7 19. Ne2 g5 20. Bb2 0-0-0 21. Rc1 Kb8 22. b5 g4 23. Bxd4 gxh3 24. Bf1 Rhd7 25. Bxe5 Qxe5 26. bxc6 bxc6 27. f4 Qa5+ 28. Nc3 Qc5 29. f5 Qf2+ 30. Be2 Rd4 31. Qa3 Bc8 32. Rxh3 Qf4+ 33. Kc2 Nh6 34. Rf3 Qc7 35. Kb1 Qb7 36. Ka1 Nf7 37. Nc2 R4d6 38. Rh3 Ne5 39. Na4 c5 40. Rb1 c4 41. d4 Qxe4 42. dxe5 Qxe5+ 43. Nc3 Qxf5 44. Nb5 Qxh3 45. Nxd6 Qxa3 46. Nxa3 Rxd6 47. Nxc4 Rc6 48. Nxb6 axb6 49. Kb2 Rc5 50. Rc1 Re5 51. Bd3 Bd7 52. Rg1 Rd5 53. Bc4 Rg5 54. Re1 Kc7 55. Bd3 Kd6 56. Kc3 Rg3 57. Kd4 Be6 58. Re2 Rg4+ 59. Kc3 Ra4 60. Bb1 b5 61. Rd2+ Kc5 62. Re2 Kd6 63. Rd2+ Bd5 64. Rf2 Ke5 0-1

[Event "Vlissingen HZ op 14th"]
[Site "Vlissingen"]
[Date "2010.08.07"]
[Round "1"]
[White "Van de Braak, Joey"]
[Black "Kohlweyer, Bernd"]
[Result "0-1"]
[WhiteElo "1937"]
[BlackElo "2436"]
[PlyCount "60"]
[EventDate "2010.08.07"]
[EventType "swiss"]
[EventRounds "9"]
[EventCountry "NED"]
[SourceTitle "CBM 137 Extra"]
[Source "ChessBase"]
[SourceDate "2010.09.01"]
[SourceVersion "1"]
[SourceVersionDate "2010.09.01"]
[SourceQuality "1"]

1. e4 c5 2. Nf3 d6 3. d4 cxd4 4. Nxd4 Nf6 5. Nc3 a6 6. Be3 e6 7. Qd2 b5 8. f3 Nbd7 9. g4 Bb7 10. 0-0-0 Rc8 11. h4 Nb6 12. g5 Nfd7 13. Kb1 b4 14. Nce2 Nc4 15. Qc1 Ncb6 16. Ng3 Qc7 17. Bf2 d5 18. Bd3 Bd6 19. Nge2 dxe4 20. fxe4 Be5 21. Rhg1 0-0 22. Bg3 Rfd8 23. Bxe5 Qxe5 24. Nf3 Qc5 25. h5 Na4 26. g6 fxg6 27. h6 Nxb2 28. Bc4 Nxc4 29. hxg7 Bxe4 30. Ng5 Qe5 0-1